000 00339nam a2200145Ia 4500
008 191201s2007 xx 000 0 und d
082 _a658.15
_bDWM
100 _aDWIVEDI, D L
245 0 _aManagerial Economics
250 _a6th
260 _aN.Delhi
_bVikas Publication House
_c2007
300 _a650
650 _aMBA
942 _2ddc
_cBK
999 _c3013
_d3013